• 首页
  • 本馆介绍
  • 公告通知
  • 最新文献
  • 馆藏检索
  • 电子资源
  • 读者导购
  • 参考咨询
  • 我的图书馆
  • 登录
  • 详细信息显示
  • 放入我的书架
  • 预约/预借图书
  • 作者相关作品
  • 分类相关作品
  • 丛书相关作品
  • 出版社相关作品

书目信息

  • 表格格式
  • 工作单格式
  • 卡片格式
题名:
发展经济学
    
 
作者: 谭崇台 主编
分册:  
出版信息: 上海   上海人民出版社  1989.10
页数: 688页
开本: 21cm
丛书名:
单 册:
中图分类: F061.3
科图分类:
主题词: 发展经济学
电子资源:
ISBN: 7-208-00645-8
000 00533nam0 2200193 45
001 0404211053
005 20050331165248.0
010    @a7-208-00645-8@dCNY9.75
100    @a20040421d1989 km y0chiy0120 ea
101 0  @achi
105    @a z 000yy
200 1  @a发展经济学@AFa Zhan Jing Ji Xue@f谭崇台主编@FTan Chong Tai Zhu Bian
210    @a上海@c上海人民出版社@d1989.10
215    @a688页@d21cm
606 0  @a发展经济学
690    @aF061.3@v3
701  0 @a谭崇台@4主编
801    @aCN@bTSTCL@c20040421
905    @dF061.3@e2@f1@b248776
    
    发展经济学/谭崇台主编.-上海:上海人民出版社,1989.10
    688页;21cm
    
    
    ISBN 7-208-00645-8:CNY9.75
    
●
相关链接 在E读中查询图书 在五车中查询图书 在当当中查询图书 在豆瓣中查询图书


正题名:发展经济学     索取号:F061.3/2         预约/预借

序号 登录号 条形码 馆藏地/架位号 状态 备注
1 0248775   001271536   第一借阅区/ [索取号:F061.3/2] 在馆    
2 0248776   002006741   第一借阅区/ [索取号:F061.3/2] 在馆    
3 0248777   001271581   第一样本阅览室/ [索取号:F061.3/2] 在馆    
唐山师范学院图书馆 欢迎您!
大连网信软件有限公司© 版权所有